Score 0/15 Timer 01:30
0 Plays Today
% Correct
Great
97.5%
Perfect
97.2%
Good
95.4%
Incredible
93.8%
Better
93.3%
Greatest
91.8%
Bad
91.4%
Magnificent
89%
% Correct
Extraordinary
88%
Fantastic
83.7%
O.K.
83.1%
Disaster
81.6%
Intolerable
78.1%
Fabulous
76.4%
Best
69%

Today's Daily Dose

Remove Ads.
Support Sporcle.
Get the best of Sporcle when you Go Orange. This ad-free experience offers more features, more stats, and more fun while also helping to support Sporcle. Thank you for becoming a member.

You're not logged in!

Compare scores with friends on all Sporcle quizzes.
OR
Log In

Show Comments

Extras

Top Quizzes Today


Score Distribution

Your Account Isn't Verified!

In order to create a playlist on Sporcle, you need to verify the email address you used during registration. Go to your Sporcle Settings to finish the process.

Report this User

Report this user for behavior that violates our Community Guidelines.

Details: